Football - Anciens joueurs de Manchester United (moins de 60 matchs) - Statistiques

Statistiques générales
  • Ce quiz a été pris 224 fois
  • Le résultat moyen est 8 sur 13
Statistiques - réponses
Nationalité - Dernier club Saisons Poste Réponse % Correct
Espagne - FC Barcelone (retraité) 2004 - 2006 Défenseur Gerard Piqué
90%
Suède - AC Milan (retraité) 2016 - 2018 Attaquant Zlatan Ibrahimović
90%
Chili - Inter Milan 2018 - 2019 Attaquant Alexis Sánchez
89%
Uruguay - Boca Juniors 2020 - 2022 Attaquant Edinson Cavani
86%
Argentine - Benfica 2014 - 2015 Attaquant Ángel Di María
76%
Côte d'Ivoire - Galatasaray 2013 - 2014 Attaquant Wilfried Zaha
71%
Allemagne - Chicago Fire (retraité) 2015 - 2017 Milieu Bastian Schweinsteiger
66%
France - AE Kifisias 2015 - 2017 Milieu Morgan Schneiderlin
63%
Japon - Cerezo Osaka 2012 - 2014 Milieu Shinji Kagawa
62%
Espagne - Middlesbrough FC (retraité) 2015 - 2016 Gardien Víctor Valdés
50%
Nigeria - Al-Wehda 2020 - 2021 Attaquant Odion Ighalo
46%
Brésil - Grêmio 2009 - 2012 Défenseur Fábio
29%
Norvège - Fenerbahçe SK 2009 - 2010 Attaquant Joshua King
14%
Aucun quiz correspondant
Distribution des résultats
% des personnes avec chaque résultat
Percentile par nombre de réponses
Votre historique - résultats
Vous n’avez pas pris ce quiz